000 00435nam a2200181Ia 4500
008 170918s9999 xx 000 0 und d
020 _a9710862278
050 _bB187 1984
100 _aBall, David
245 _aAnimal farm /
245 _cby David Ball.
260 _aPhilippines :
260 _bBarrons Educational Series, Inc.,
260 _c1984
300 _a100 pages :
300 _billustrations ;
300 _c17cm.
999 _c344115
_d344115